| 000 | 01012nam a22002177a 4500 | ||
|---|---|---|---|
| 005 | 20260112160816.0 | ||
| 010 | _aHIN-130781 | ||
| 020 |
_a9789364448376 _c560.00 |
||
| 035 | _aHN-103127 | ||
| 037 | _bDBAD | ||
| 082 | _a320.954 | ||
| 100 |
_aलक्ष्मीकांत, एम _986300 |
||
| 245 |
_aभारतीय शासन : _cएम लक्ष्मीकांत _bसिविल सेवा और राज्य सेवा परीक्षाओ हेतु / |
||
| 250 | _aचतुर्थ | ||
| 260 |
_aचेन्नई _bमैकग्रा-हिल _c2026 |
||
| 270 |
_aअंजना कॉम्पलेक्स, नं 5/90ए, बट रोड , सत थॉमस माउंट , _bचेन्नई _e600016 |
||
| 300 |
_a432पृ. _c24सेमी (अजिल्द) |
||
| 650 |
_aहिन्दी निबंध _986301 |
||
| 650 |
_aHindi essays _986302 |
||
| 942 |
_2ddc _cHN _h320.954 _mलक्ष्मीकां |
||
| 999 |
_c214079 _d214079 |
||